[Event "Titled Tuesday intern op 22nd Aug Early"]
[Site "Chess.com INT"]
[Date "2023.08.22"]
[Round "2"]
[White "Henriquez Villagra, Cristobal"]
[Black "Zheng, Richard"]
[Result "1-0"]
[WhiteElo "2626"]
[BlackElo "2180"]
[PlyCount "85"]
[EventDate "2023.08.22"]
[EventType "swiss (blitz)"]
[EventRounds "11"]
[EventCountry "USA"]
[SourceTitle "EXT 2024"]
[Source "ChessBase"]
[SourceDate "2023.10.10"]
[SourceVersion "1"]
[SourceVersionDate "2023.10.10"]
[SourceQuality "1"]

1. g3 d5 2. Bg2 Nf6 3. d3 c6 4. f4 g6 5. Nf3 Bg7 6. c3 0-0 7. 0-0 Qb6+ 8. e3 Bg4 9. h3 Bxf3 10. Qxf3 Nbd7 11. Qe2 e5 12. f5 Rae8 13. g4 gxf5 14. Rxf5 d4 15. cxd4 exd4 16. e4 Nd5 17. Na3 Ne3 18. Bxe3 dxe3 19. Nc4 Qd4 20. Rd1 Nb6 21. Nxe3 Qxb2 22. Rd2 Qa1+ 23. Rf1 Qd4 24. Kh1 Nd7 25. Nf5 Qf6 26. d4 Qg5 27. h4 Qg6 28. g5 f6 29. h5 Qxg5 30. Bh3 Rf7 31. Rg1 Qf4 32. Rg4 Qc7 33. h6 Nf8 34. hxg7 Ng6 35. Qf3 c5 36. Nh6+ Kxg7 37. Nxf7 Kxf7 38. Rg1 Rd8 39. d5 Qe5 40. Bf5 Re8 41. Rh2 Kg7 42. Rxh7+ Kxh7 43. Rxg6 1-0

[Event "Titled Tuesday intern op 22nd Aug Early"]
[Site "Chess.com INT"]
[Date "2023.08.22"]
[Round "1"]
[White "Zheng, Richard"]
[Black "Kaminski, Victor Kazimierz"]
[Result "1-0"]
[WhiteElo "2180"]
[BlackElo "2247"]
[PlyCount "75"]
[EventDate "2023.08.22"]
[EventType "swiss (blitz)"]
[EventRounds "11"]
[EventCountry "USA"]
[SourceTitle "EXT 2024"]
[Source "ChessBase"]
[SourceDate "2023.10.10"]
[SourceVersion "1"]
[SourceVersionDate "2023.10.10"]
[SourceQuality "1"]

1. d4 Nf6 2. Bg5 c5 3. d5 e6 4. dxe6 fxe6 5. e3 d5 6. Nf3 Nc6 7. c4 Be7 8. Nbd2 0-0 9. Be2 h6 10. Bh4 d4 11. exd4 cxd4 12. Bd3 e5 13. 0-0 Bg4 14. h3 Bh5 15. Qe1 Bd6 16. Bg3 Bb4 17. Nxe5 Nxe5 18. Bxe5 Re8 19. Bxf6 Qxf6 20. Ne4 Qf8 21. Qc1 Bg6 22. Qc2 Kh8 23. a3 Ba5 24. b4 Bc7 25. Nd2 Bh5 26. Ne4 Bg6 27. Ng3 Bf7 28. Rae1 Qd6 29. c5 Qf6 30. Bc4 Bg6 31. Bd3 Bf7 32. Re4 Bd5 33. Re2 Rxe2 34. Qxe2 Rf8 35. Ne4 Qe5 36. Ng3 Qf6 37. Nf5 Qg5 38. Ng3 1-0

[Event "Quebec op"]
[Site "Montreal"]
[Date "2023.08.04"]
[Round "8"]
[White "Batorshyn, Ilia"]
[Black "Zheng, Richard"]
[Result "0-1"]
[WhiteElo "2014"]
[BlackElo "2214"]
[PlyCount "120"]
[EventDate "2023.07.29"]
[EventType "swiss"]
[EventRounds "9"]
[EventCountry "CAN"]
[SourceTitle "CBM 215 Extra"]
[Source "ChessBase"]
[SourceDate "2023.09.30"]
[SourceVersion "1"]
[SourceVersionDate "2023.09.30"]
[SourceQuality "1"]

1. e4 c6 2. Nf3 d5 3. Nc3 Bg4 4. h3 Bxf3 5. Qxf3 e6 6. Be2 Nf6 7. 0-0 Nbd7 8. d4 dxe4 9. Nxe4 Nxe4 10. Qxe4 Nf6 11. Qe3 Bd6 12. g3 Qc7 13. Rd1 0-0 14. a4 Rfe8 15. Qf3 e5 16. dxe5 Bxe5 17. c3 Rad8 18. Bd3 Rd5 19. Be3 Red8 20. Bc2 a5 21. Kg2 Rxd1 22. Rxd1 Rxd1 23. Qxd1 Nd5 24. Bc5 b6 25. Bd4 Bxd4 26. Qxd4 Nf6 27. Be4 c5 28. Qd3 g6 29. Bf3 Kg7 30. h4 h5 31. Kf1 Qe5 32. Kg2 Qe6 33. c4 Ne8 34. Qd8 Kf8 35. Qd3 Nd6 36. Bd5 Qf6 37. Qb3 Nf5 38. Qb5 Qd6 39. Qb3 Nd4 40. Qe3 Kg7 41. Qe8 Qf6 42. Qd7 Nc2 43. Qc7 Ne1+ 44. Kf1 Nd3 45. Ke2 Nxf2 46. Qxf7+ Qxf7 47. Bxf7 Nh1 48. Bxg6 Kxg6 49. Kf3 Kf5 50. g4+ hxg4+ 51. Kg2 Kg6 52. Kxh1 Kh5 53. Kg2 Kxh4 54. Kh2 g3+ 55. Kg2 Kg4 56. Kg1 Kf3 57. Kf1 g2+ 58. Kg1 Kg3 59. b4 axb4 60. a5 b3 0-1

[Event "Quebec op"]
[Site "Montreal"]
[Date "2023.08.04"]
[Round "9"]
[White "Zheng, Richard"]
[Black "Lin, Leo"]
[Result "1/2-1/2"]
[WhiteElo "2214"]
[BlackElo "2050"]
[PlyCount "92"]
[EventDate "2023.07.29"]
[EventType "swiss"]
[EventRounds "9"]
[EventCountry "CAN"]
[SourceTitle "CBM 215 Extra"]
[Source "ChessBase"]
[SourceDate "2023.09.30"]
[SourceVersion "1"]
[SourceVersionDate "2023.09.30"]
[SourceQuality "1"]

1. d4 d6 2. e4 Nf6 3. Nc3 e5 4. Nf3 exd4 5. Nxd4 Be7 6. g3 d5 7. e5 Ng4 8. e6 Nf6 9. exf7+ Kxf7 10. Bg2 c6 11. 0-0 Re8 12. Re1 Na6 13. a3 Bd7 14. b4 Qc7 15. Bb2 Bd6 16. Qd3 Kg8 17. Rac1 Rf8 18. h3 Rae8 19. Rxe8 Rxe8 20. Rd1 Qc8 21. Kh2 Re5 22. f4 Re7 23. Rd2 Qe8 24. Re2 Nc7 25. Rxe7 Qxe7 26. Nf5 Bxf5 27. Qxf5 Qd7 28. Qd3 Qe6 29. Ne2 Nce8 30. Nd4 Qf7 31. Nf5 Bb8 32. Qe3 a6 33. Bf3 Nd6 34. Qe5 Bc7 35. Nxd6 Qd7 36. Qg5 Qxd6 37. Bg4 Nxg4+ 38. Qxg4 Qe7 39. Bxg7 Qxg7 40. Qc8+ Qf8 41. Qxc7 Qe8 42. g4 Qe2+ 43. Kg3 Qe1+ 44. Kf3 Qc3+ 45. Kg2 Qd2+ 46. Kg3 Qe1+ 1/2-1/2

[Event "Quebec op"]
[Site "Montreal"]
[Date "2023.08.01"]
[Round "5"]
[White "Zheng, Richard"]
[Black "Gueorguiev, Valentin"]
[Result "1-0"]
[WhiteElo "2214"]
[BlackElo "1917"]
[PlyCount "59"]
[EventDate "2023.07.29"]
[EventType "swiss"]
[EventRounds "9"]
[EventCountry "CAN"]
[SourceTitle "CBM 215 Extra"]
[Source "ChessBase"]
[SourceDate "2023.09.30"]
[SourceVersion "1"]
[SourceVersionDate "2023.09.30"]
[SourceQuality "1"]

1. d4 d5 2. c4 e6 3. Nc3 Nf6 4. cxd5 exd5 5. Bg5 Nbd7 6. e3 Be7 7. Bd3 h6 8. Bf4 c6 9. h3 Qa5 10. Qc2 0-0 11. Nf3 Re8 12. 0-0 Qd8 13. Nb5 Nf8 14. Nc7 Ne6 15. Nxe8 Qxe8 16. Bh2 Ng5 17. Nxg5 hxg5 18. f3 g6 19. Rad1 Be6 20. a3 a5 21. g4 Rc8 22. Kg2 c5 23. dxc5 Bxc5 24. Qd2 Bd7 25. Rfe1 a4 26. e4 dxe4 27. Bxe4 Be6 28. Bxb7 Rb8 29. Bxb8 Qxb8 30. Qd8+ 1-0

[Event "Quebec op"]
[Site "Montreal"]
[Date "2023.07.31"]
[Round "4"]
[White "Saha, Ananda"]
[Black "Zheng, Richard"]
[Result "1/2-1/2"]
[WhiteElo "1984"]
[BlackElo "2214"]
[PlyCount "114"]
[EventDate "2023.07.29"]
[EventType "swiss"]
[EventRounds "9"]
[EventCountry "CAN"]
[SourceTitle "CBM 215 Extra"]
[Source "ChessBase"]
[SourceDate "2023.09.30"]
[SourceVersion "1"]
[SourceVersionDate "2023.09.30"]
[SourceQuality "1"]

1. e4 c6 2. d4 d5 3. exd5 cxd5 4. Nf3 Nc6 5. Ne5 e6 6. Bb5 Bd7 7. Nxd7 Qxd7 8. c3 Nf6 9. 0-0 Bd6 10. Nd2 a6 11. Bd3 Qc7 12. Nf3 0-0 13. Re1 h6 14. Qe2 Bf4 15. Bxf4 Qxf4 16. Ne5 Nxe5 17. dxe5 Nd7 18. g3 Qa4 19. Bc2 Qb5 20. Qxb5 axb5 21. Bd3 Ra5 22. a3 Nc5 23. Bc2 Raa8 24. Re2 Rfc8 25. Rd1 Na4 26. Bd3 Rc5 27. f4 Nb6 28. Kf2 Nc4 29. g4 Re8 30. g5 g6 31. gxh6 Kh7 32. h4 Kxh6 33. Kf3 Kg7 34. h5 gxh5 35. Rg1+ Kf8 36. Rh1 Ke7 37. Rxh5 Rcc8 38. f5 Rh8 39. f6+ Kd7 40. Rxh8 Rxh8 41. Kg4 Rh1 42. b3 Rd1 43. Bxc4 bxc4 44. bxc4 dxc4 45. Re4 b5 46. a4 bxa4 47. Rxc4 Rd5 48. Rxa4 Rxe5 49. Ra7+ Ke8 50. Ra8+ Kd7 51. Ra7+ Ke8 52. Ra8+ Kd7 53. Rf8 Rc5 54. Rxf7+ Ke8 55. Re7+ Kf8 56. Rxe6 Rxc3 57. Re7 Rc5 1/2-1/2

[Event "Quebec op"]
[Site "Montreal"]
[Date "2023.07.30"]
[Round "3"]
[White "Zheng, Richard"]
[Black "Zhong, Kevin"]
[Result "1/2-1/2"]
[WhiteElo "2214"]
[BlackElo "2143"]
[PlyCount "61"]
[EventDate "2023.07.29"]
[EventType "swiss"]
[EventRounds "9"]
[EventCountry "CAN"]
[SourceTitle "CBM 215 Extra"]
[Source "ChessBase"]
[SourceDate "2023.09.30"]
[SourceVersion "1"]
[SourceVersionDate "2023.09.30"]
[SourceQuality "1"]

1. d4 d5 2. c4 c6 3. Nc3 Nf6 4. Nf3 e6 5. Bg5 Nbd7 6. cxd5 exd5 7. e3 h6 8. Bh4 g5 9. Bg3 Nh5 10. Bd3 Nxg3 11. hxg3 Bg7 12. Qc2 Nb6 13. 0-0-0 Be6 14. Kb1 Qe7 15. Nd2 0-0-0 16. Nb3 Kb8 17. Nc5 h5 18. N3a4 Nxa4 19. Qxa4 Qc7 20. Rc1 Bf8 21. Rc3 Bxc5 22. dxc5 d4 23. exd4 Qd7 24. Bc2 Qxd4 25. Qxd4 Rxd4 26. Rd1 Rhd8 27. Rxd4 Rxd4 28. Bb3 Bxb3 29. Rxb3 Rd5 30. Rf3 f5 31. b4 1/2-1/2

[Event "CAN Transnational op"]
[Site "Montreal"]
[Date "2023.06.11"]
[Round "9"]
[White "Cervantes Landeiro, Thalia"]
[Black "Zheng, Richard"]
[Result "1-0"]
[WhiteElo "2271"]
[BlackElo "2192"]
[PlyCount "89"]
[EventDate "2023.06.06"]
[EventType "swiss"]
[EventRounds "9"]
[EventCountry "CAN"]
[SourceTitle "CBM 214 Extra"]
[Source "ChessBase"]
[SourceDate "2023.07.31"]
[SourceVersion "1"]
[SourceVersionDate "2023.07.31"]
[SourceQuality "1"]

1. d4 Nf6 2. c4 e6 3. Nf3 d5 4. Nc3 dxc4 5. e3 a6 6. Bxc4 b5 7. Bd3 Bb7 8. 0-0 c5 9. Qe2 Nc6 10. Rd1 Qc7 11. a4 b4 12. Ne4 Nxe4 13. Bxe4 Rd8 14. b3 Na5 15. Bxb7 Qxb7 16. Bb2 Nxb3 17. Rab1 Be7 18. Qc2 Na5 19. dxc5 0-0 20. Rd4 Rc8 21. Rg4 f6 22. Nd4 Qd5 23. e4 Qd7 24. Rd1 Bxc5 25. Nf5 Bxf2+ 26. Kf1 Qa7 27. Nxg7 Kh8 28. Nxe6 Qe7 29. Qxf2 Qxe6 30. Rg3 Nc4 31. Bd4 Rf7 32. Kg1 Ne5 33. a5 Nc6 34. Bb2 Rcf8 35. Qc5 Qxe4 36. Rc1 Nd8 37. Rf1 Ne6 38. Qd6 Ng7 39. Bxf6 Kg8 40. Rgf3 Qe6 41. Qxb4 h5 42. Qd4 Qd7 43. Bxg7 Rxf3 44. Rxf3 Qxg7 45. Rg3 1-0

[Event "CAN Transnational op"]
[Site "Montreal"]
[Date "2023.06.11"]
[Round "8"]
[White "Zheng, Richard"]
[Black "Hua, Eugene"]
[Result "0-1"]
[WhiteElo "2192"]
[BlackElo "2275"]
[PlyCount "70"]
[EventDate "2023.06.06"]
[EventType "swiss"]
[EventRounds "9"]
[EventCountry "CAN"]
[SourceTitle "CBM 214 Extra"]
[Source "ChessBase"]
[SourceDate "2023.07.31"]
[SourceVersion "1"]
[SourceVersionDate "2023.07.31"]
[SourceQuality "1"]

1. d4 Nf6 2. Bg5 Ne4 3. h4 c6 4. Nd2 Qa5 5. Ngf3 d5 6. Bf4 Bf5 7. c3 Nd7 8. e3 Ndf6 9. Nxe4 Nxe4 10. Nd2 Nxd2 11. Qxd2 e6 12. h5 h6 13. a4 Qd8 14. Bd3 Bxd3 15. Qxd3 Bd6 16. Bxd6 Qxd6 17. 0-0 Qe7 18. Qe2 Qh4 19. b4 0-0 20. f4 f5 21. Qf3 a5 22. Rfb1 Ra7 23. Qe2 axb4 24. cxb4 Rfa8 25. Qd1 Qg3 26. Ra3 Kh7 27. Rba1 Rg8 28. Qe1 Qg4 29. Qd1 Qh4 30. b5 g5 31. hxg6+ Rxg6 32. Rc3 Ra8 33. Rc2 Rag8 34. Raa2 Rg3 35. Rf2 Rh3 0-1

[Event "CAN Transnational op"]
[Site "Montreal"]
[Date "2023.06.08"]
[Round "3"]
[White "Kantans, Toms"]
[Black "Zheng, Richard"]
[Result "1/2-1/2"]
[WhiteElo "2486"]
[BlackElo "2192"]
[PlyCount "108"]
[EventDate "2023.06.06"]
[EventType "swiss"]
[EventRounds "9"]
[EventCountry "CAN"]
[SourceTitle "CBM 214 Extra"]
[Source "ChessBase"]
[SourceDate "2023.07.31"]
[SourceVersion "1"]
[SourceVersionDate "2023.07.31"]
[SourceQuality "1"]

1. e4 c6 2. d4 d5 3. e5 Bf5 4. Nd2 e6 5. Nb3 Nd7 6. Be3 a6 7. Nf3 Rc8 8. Be2 c5 9. dxc5 Bxc5 10. Nxc5 Nxc5 11. Nd4 Ne7 12. a4 Qc7 13. f4 Be4 14. 0-0 Nf5 15. Bf2 0-0 16. a5 f6 17. exf6 Rxf6 18. Ra3 Nd7 19. Rc3 Qb8 20. Rxc8+ Qxc8 21. Qd2 e5 22. Nxf5 Rxf5 23. c4 Nf6 24. fxe5 Rxe5 25. Bd4 Rf5 26. c5 Rxf1+ 27. Bxf1 Ne8 28. Qg5 Qd7 29. Be2 Bf5 30. b4 h6 31. Qf4 Qe6 32. Bf1 g5 33. Qf2 Nc7 34. h4 Qe4 35. hxg5 hxg5 36. Be3 Ne6 37. c6 bxc6 38. Bxa6 Qxb4 39. Bf1 Qb1 40. Kh2 d4 41. Bd2 Bd3 42. Qf6 Qxf1 43. Qxe6+ Qf7 44. Qxc6 Qh5+ 45. Kg3 Qh4+ 46. Kf3 g4+ 47. Kf4 Qf2+ 48. Ke5 Qxd2 49. Qe8+ Kg7 50. Qe7+ Kg8 51. Qe6+ Kf8 52. Qc8+ Kf7 53. Qe6+ Kf8 54. Qc8+ Kf7 1/2-1/2

[Event "Titled Tuesday intern op 30th May Late"]
[Site "Chess.com INT"]
[Date "2023.05.30"]
[Round "3"]
[White "Xiong, Jeffery"]
[Black "Zheng, Richard"]
[Result "1-0"]
[WhiteElo "2692"]
[BlackElo "2124"]
[PlyCount "103"]
[EventDate "2023.05.30"]
[EventType "swiss (blitz)"]
[EventRounds "11"]
[EventCountry "USA"]
[SourceTitle "CBM 214 Extra"]
[Source "ChessBase"]
[SourceDate "2023.07.31"]
[SourceVersion "1"]
[SourceVersionDate "2023.07.31"]
[SourceQuality "1"]

1. e4 c6 2. Nf3 d5 3. d3 g6 4. e5 Bf5 5. d4 e6 6. Be2 c5 7. c3 Nc6 8. 0-0 h5 9. Be3 Bh6 10. Bxh6 Nxh6 11. h3 cxd4 12. cxd4 Bxb1 13. Rxb1 Nf5 14. Qd2 Qa5 15. b4 Qb6 16. Rfd1 h4 17. a4 0-0 18. b5 Na5 19. Bd3 Nc4 20. Qf4 Rac8 21. Bxf5 exf5 22. Qxh4 Kg7 23. Ng5 Rh8 24. Qf4 Qa5 25. Ra1 Nb2 26. Rd2 Qc3 27. Ra2 Qc1+ 28. Kh2 Nc4 29. Rac2 Qb1 30. Re2 Na3 31. Rxc8 Rxc8 32. e6 f6 33. e7 Re8 34. Ne6+ Kf7 35. Nd8+ Kg7 36. Nxb7 Nc4 37. Nc5 Qf1 38. Re6 Qd1 39. g4 Nd2 40. gxf5 Nf3+ 41. Kg2 Ne1+ 42. Kg3 g5 43. Qg4 Qc1 44. h4 Nc2 45. Kg2 Ne1+ 46. Kh2 Nc2 47. Nd3 Qd2 48. Qh5 Qxd3 49. Qg6+ Kh8 50. Qxe8+ Kg7 51. Qg6+ Kh8 52. e8Q# 1-0

[Event "Titled Tuesday intern op 14th Mar Late"]
[Site "Chess.com INT"]
[Date "2023.03.14"]
[Round "3"]
[White "Zheng, Richard"]
[Black "Bilan, Danila"]
[Result "0-1"]
[WhiteElo "2121"]
[BlackElo "2303"]
[PlyCount "64"]
[EventDate "2023.03.14"]
[EventType "swiss (blitz)"]
[EventRounds "11"]
[EventCountry "USA"]
[SourceTitle "EXT 2024"]
[Source "ChessBase"]
[SourceDate "2023.10.10"]
[SourceVersion "1"]
[SourceVersionDate "2023.10.10"]
[SourceQuality "1"]

1. d4 d5 2. Bg5 Nf6 3. e3 c5 4. c3 Nc6 5. Bd3 e5 6. dxe5 Nxe5 7. Nf3 Nxd3+ 8. Qxd3 Be7 9. Nbd2 0-0 10. 0-0 b6 11. Rfd1 Bb7 12. Nf1 Ne4 13. Bf4 Qc8 14. Qe2 Bf6 15. Ng3 Qg4 16. h3 Nxg3 17. Bxg3 Qe6 18. a4 a5 19. Qc2 Rad8 20. Bh4 Rfe8 21. Bxf6 Qxf6 22. b4 d4 23. cxd4 Bxf3 24. gxf3 Qxf3 25. dxc5 bxc5 26. bxc5 Qxh3 27. c6 Rc8 28. Rd6 Re5 29. f4 Rxe3 30. c7 Rg3+ 31. Kf2 Rg2+ 32. Ke1 Qh1# 0-1

[Event "Titled Tuesday intern op 10th Jan Late"]
[Site "Chess.com INT"]
[Date "2023.01.10"]
[Round "3"]
[White "Szyszylo, Rafal"]
[Black "Zheng, Richard"]
[Result "0-1"]
[WhiteElo "2093"]
[BlackElo "2121"]
[PlyCount "44"]
[EventDate "2023.01.10"]
[EventType "swiss (blitz)"]
[EventRounds "11"]
[EventCountry "USA"]
[SourceTitle "EXT 2024"]
[Source "ChessBase"]
[SourceDate "2023.10.10"]
[SourceVersion "1"]
[SourceVersionDate "2023.10.10"]
[SourceQuality "1"]

1. e4 c6 2. d4 d5 3. e5 Bf5 4. Nf3 e6 5. Be2 Ne7 6. 0-0 c5 7. Be3 Nec6 8. c3 Nd7 9. h3 h6 10. g4 Bh7 11. Nh2 Qb6 12. Qd2 a6 13. f4 Be4 14. Nf3 Be7 15. Bd3 Bxf3 16. Rxf3 cxd4 17. cxd4 Nxd4 18. Kg2 Nxf3 19. Kxf3 Bc5 20. Bxc5 Nxc5 21. Be2 Ne4 22. Qc2 Qf2# 0-1

[Event "Montreal Pere Noel op"]
[Site "Montreal"]
[Date "2022.12.29"]
[Round "4"]
[White "Zheng, Richard"]
[Black "Batorshyn, Ilia"]
[Result "1/2-1/2"]
[WhiteElo "2121"]
[BlackElo "1990"]
[PlyCount "127"]
[EventDate "2022.12.27"]
[EventType "swiss"]
[EventRounds "5"]
[EventCountry "CAN"]
[SourceTitle "CBM 211 Extra"]
[Source "ChessBase"]
[SourceDate "2023.01.31"]
[SourceVersion "1"]
[SourceVersionDate "2023.01.31"]
[SourceQuality "1"]

1. d4 d5 2. c4 e6 3. Nc3 Be7 4. cxd5 exd5 5. Qc2 c6 6. Bf4 Nf6 7. e3 0-0 8. Bd3 Nbd7 9. Nge2 Re8 10. 0-0 Nf8 11. h3 Ng6 12. Bh2 Bd6 13. Rab1 Bxh2+ 14. Kxh2 a5 15. Na4 Ne4 16. Bxe4 dxe4 17. Qc5 Nf8 18. Ng3 Nd7 19. Qc2 Nf6 20. Nc3 Be6 21. b3 h5 22. Rbc1 Bd5 23. Kg1 g6 24. Nge2 Be6 25. Nxe4 Nxe4 26. Qxe4 Bxb3 27. Qb1 Bd5 28. Qxb7 c5 29. Qb2 cxd4 30. Qxd4 Bxa2 31. Qa1 Be6 32. Ng3 Bb3 33. f3 Qg5 34. Ne4 Rxe4 35. fxe4 Qxe3+ 36. Rf2 Qxe4 37. Re1 Qc6 38. Rf6 Qc5+ 39. Kh1 a4 40. Rc1 Qg5 41. Rfc6 Be6 42. Rxe6 fxe6 43. Rc7 Qh6 44. Qf6 Rf8 45. Qxe6+ Kh8 46. Qe5+ Kg8 47. Qd5+ Kh8 48. Qd4+ Kg8 49. Qc4+ Kh8 50. Qxa4 Rf1+ 51. Kh2 Qf4+ 52. Qxf4 Rxf4 53. Kg3 Rd4 54. Kf3 Kg8 55. Re7 Rc4 56. Re4 Rc3+ 57. Re3 Rc4 58. Re7 Kf8 59. Rh7 Kg8 60. Rd7 Rb4 61. g4 Rb3+ 62. Kg2 hxg4 63. hxg4 Rc3 64. Kf2 1/2-1/2

[Event "CAN-ch Int"]
[Site "Contrecoeur"]
[Date "2022.10.09"]
[Round "5"]
[White "Lawson, Eric"]
[Black "Zheng, Richard"]
[Result "1/2-1/2"]
[WhiteElo "2371"]
[BlackElo "2133"]
[PlyCount "57"]
[EventDate "2022.10.07"]
[EventType "swiss"]
[EventRounds "5"]
[EventCountry "CAN"]
[SourceTitle "CBM 210 Extra"]
[Source "ChessBase"]
[SourceDate "2022.11.30"]
[SourceVersion "1"]
[SourceVersionDate "2022.11.30"]
[SourceQuality "1"]

1. e4 c6 2. d3 d5 3. Nd2 e5 4. Ngf3 Bd6 5. g3 Nf6 6. Bg2 0-0 7. 0-0 Nbd7 8. Re1 Qc7 9. Nh4 Bc5 10. Qe2 Re8 11. h3 Nf8 12. Nf1 dxe4 13. dxe4 Ne6 14. c3 a5 15. a4 b6 16. Nf5 Bf8 17. Qf3 Kh8 18. Nh2 g6 19. Nh6 Bg7 20. N2g4 Nxg4 21. Nxg4 Qe7 22. h4 h5 23. Nh2 Nc5 24. Bg5 Qe6 25. Red1 Nb3 26. Rab1 Nc5 27. Ra1 Nb3 28. Rab1 Nc5 29. Ra1 1/2-1/2

[Event "Quebec op"]
[Site "Laval"]
[Date "2022.09.04"]
[Round "6"]
[White "Zheng, Richard"]
[Black "Jiang Barron, Jiyu"]
[Result "1-0"]
[WhiteElo "2147"]
[BlackElo "1603"]
[PlyCount "47"]
[EventDate "2022.09.01"]
[EventType "swiss"]
[EventRounds "9"]
[EventCountry "CAN"]
[SourceTitle "CBM 210 Extra"]
[Source "ChessBase"]
[SourceDate "2022.11.30"]
[SourceVersion "1"]
[SourceVersionDate "2022.11.30"]
[SourceQuality "1"]

1. d4 Nf6 2. Nf3 d5 3. c4 dxc4 4. e3 e6 5. Bxc4 c5 6. 0-0 Be7 7. Nc3 0-0 8. Qe2 a6 9. a4 Nc6 10. Rd1 Qc7 11. e4 Rd8 12. e5 Nd5 13. Qe4 Ncb4 14. Ng5 g6 15. Qf3 Bxg5 16. Bxg5 cxd4 17. Nxd5 Rxd5 18. Bxd5 Nxd5 19. Qe4 Bd7 20. Qxd4 Bc6 21. b3 Qa5 22. Rac1 Rc8 23. Rc5 Qb6 24. Rxd5 1-0

[Event "Montreal Noel op"]
[Site "Montreal"]
[Date "2019.12.29"]
[Round "4"]
[White "Saha, Ananda"]
[Black "Zheng, Richard"]
[Result "1-0"]
[WhiteElo "2077"]
[BlackElo "2035"]
[PlyCount "97"]
[EventDate "2019.12.26"]
[EventType "swiss"]
[EventRounds "5"]
[EventCountry "CAN"]
[SourceTitle "CBM 194 Extra"]
[Source "ChessBase"]
[SourceDate "2020.03.31"]
[SourceVersion "1"]
[SourceVersionDate "2020.03.31"]
[SourceQuality "1"]

1. Nf3 Nf6 2. g3 d5 3. Bg2 Bg4 4. 0-0 e6 5. d3 Nbd7 6. c4 c6 7. Nbd2 Bc5 8. b3 0-0 9. Bb2 Re8 10. Qc2 Qc7 11. e4 e5 12. Rac1 d4 13. h3 Bxf3 14. Nxf3 Rf8 15. Nh4 g6 16. Rce1 Nh5 17. Bf3 Ng7 18. Bc1 Bb4 19. Rd1 Be7 20. Ng2 a5 21. Be2 a4 22. f4 axb3 23. axb3 f6 24. Bd2 Ra3 25. Ra1 Rfa8 26. Rxa3 Rxa3 27. b4 b6 28. Rb1 Qa7 29. Ne1 Ra2 30. Rb2 Ra3 31. Bd1 Ne6 32. Qc1 Bd6 33. c5 Rc3 34. Bxc3 dxc3 35. Qxc3 bxc5 36. Qc4 cxb4+ 37. Kf1 Ndf8 38. f5 Qe3 39. fxe6 Kg7 40. Qxc6 Bc5 41. Rg2 Kh6 42. Qd5 b3 43. Qxb3 g5 44. Qa2 Qd4 45. Qf2 Qd6 46. Qxf6+ Ng6 47. h4 gxh4 48. gxh4 Be3 49. Rxg6+ 1-0

[Event "Montreal op"]
[Site "Montreal"]
[Date "2019.09.07"]
[Round "2"]
[White "Zheng, Richard"]
[Black "Liang, Jason"]
[Result "0-1"]
[WhiteElo "2069"]
[BlackElo "2224"]
[PlyCount "86"]
[EventDate "2019.09.06"]
[EventType "swiss"]
[EventRounds "5"]
[EventCountry "CAN"]
[SourceTitle "EXT 2020"]
[Source "ChessBase"]
[SourceDate "2019.10.17"]
[SourceVersion "1"]
[SourceVersionDate "2019.10.17"]
[SourceQuality "1"]

1. b3 e5 2. Bb2 Nc6 3. e3 Nf6 4. Bb5 e4 5. d4 Ne7 6. Bf1 d5 7. c4 c6 8. Nc3 Nf5 9. c5 h5 10. b4 g6 11. h3 Bh6 12. a4 Bxe3 13. g4 Bxf2+ 14. Kxf2 e3+ 15. Ke1 Ne4 16. Nxe4 Qh4+ 17. Ke2 dxe4 18. Qe1 Ng3+ 19. Kd1 hxg4 20. Rh2 gxh3 21. Kc2 Nxf1 22. Qxf1 Qg3 23. Rh1 Bf5 24. Ne2 Qf3 25. d5 Rh4 26. d6 Kd7 27. Nd4 e2 28. Qxe2 e3+ 29. Kc3 Qxe2 30. Nxe2 h2 31. Ng3 Be6 32. Kd3 Bd5 33. Rhe1 Re8 34. Bd4 f5 35. Nh1 f4 36. Bf6 Rg4 37. b5 Rg2 38. Rab1 Be4+ 39. Kc3 Bxb1 40. bxc6+ Kxc6 41. Rxb1 e2 42. d7 Kxd7 43. Rxb7+ Kc6 0-1

[Event "Quebec op"]
[Site "Longueuil"]
[Date "2019.07.27"]
[Round "9"]
[White "Zheng, Richard"]
[Black "Feoktistov, Dmitri"]
[Result "1/2-1/2"]
[WhiteElo "1993"]
[BlackElo "2139"]
[PlyCount "54"]
[EventDate "2019.07.20"]
[EventType "swiss"]
[EventRounds "9"]
[EventCountry "CAN"]
[SourceTitle "CBM 191 Extra"]
[Source "ChessBase"]
[SourceDate "2019.09.30"]
[SourceVersion "1"]
[SourceVersionDate "2019.09.30"]
[SourceQuality "1"]

1. b3 e5 2. Bb2 Nc6 3. e3 Nf6 4. Bb5 Bd6 5. Bxc6 dxc6 6. d3 Be6 7. e4 Qe7 8. Nd2 Nd7 9. Ngf3 f6 10. h3 g5 11. Nc4 0-0-0 12. Nxd6+ cxd6 13. Qe2 g4 14. hxg4 Bxg4 15. Qe3 Kb8 16. Nh2 Rdg8 17. Nxg4 Rxg4 18. g3 f5 19. 0-0-0 fxe4 20. dxe4 Nc5 21. f4 exf4 22. gxf4 Rf8 23. Rxd6 Nxe4 24. Rd4 Rfxf4 25. Rd8+ Qxd8 26. Be5+ Ka8 27. Bxf4 Qf6 1/2-1/2

[Event "Quebec op"]
[Site "Longueuil"]
[Date "2019.07.23"]
[Round "5"]
[White "Zheng, Richard"]
[Black "Huang, Qiuyu"]
[Result "1/2-1/2"]
[WhiteElo "1993"]
[BlackElo "2181"]
[PlyCount "98"]
[EventDate "2019.07.20"]
[EventType "swiss"]
[EventRounds "9"]
[EventCountry "CAN"]
[SourceTitle "CBM 191 Extra"]
[Source "ChessBase"]
[SourceDate "2019.09.30"]
[SourceVersion "1"]
[SourceVersionDate "2019.09.30"]
[SourceQuality "1"]

1. b3 d5 2. Bb2 Bg4 3. f3 Bf5 4. e3 e6 5. f4 Nd7 6. Nf3 Ngf6 7. Be2 h6 8. 0-0 Bd6 9. Ne5 Qe7 10. c4 c6 11. d4 Ne4 12. Nd2 Nxd2 13. Qxd2 Nf6 14. Bf3 Ne4 15. Qe2 0-0 16. c5 Bxe5 17. fxe5 Ng5 18. b4 f6 19. exf6 Rxf6 20. Bg4 Raf8 21. a4 Bxg4 22. Qxg4 Rxf1+ 23. Rxf1 Rxf1+ 24. Kxf1 Qf7+ 25. Kg1 Qg6 26. h4 Qe4 27. Qg3 Qb1+ 28. Kh2 Ne4 29. Qg6 Qxb2 30. Qxe6+ Kh7 31. Qf5+ Kg8 32. Qc8+ Kf7 33. Qxb7+ Kg6 34. Qxc6+ Nf6 35. Qe6 h5 36. c6 Qc2 37. b5 Kh7 38. Kg3 Ne4+ 39. Kf4 Qf2+ 40. Ke5 Qxe3 41. Qf5+ Kg8 42. Kxd5 Nf6+ 43. Kc4 Qc1+ 44. Kb4 Qd2+ 45. Kc4 Qc1+ 46. Kb4 Qd2+ 47. Kc4 Qa2+ 48. Kb4 Qd2+ 49. Kc4 Qa2+ 1/2-1/2